Fussballvereine mit den meisten Mitgliedern - Statistiken

Allgemein
  • Dieses Quiz wurde 329 mal gespielt
  • Das Durchschnittsergebnis liegt bei 13 aus 20
Antwortstatistiken
Mitgliederanzahl Verein Land % Korrekt
1. 295.000 FC Bayern München Deutschland
100%
3. 168.163 Borussia Dortmund Deutschland
99%
6. 143.459 FC Barcelona Spanien
95%
14. 99.781 Real Madrid Spanien
94%
7. 138.000 FC Porto Portugal
91%
4. 164.000 FC Schalke 04 Deutschland
91%
2. 267.000 Benfica Lissabon Portugal
90%
16. 90.000 Hamburger SV Deutschland
84%
11. 120.887 1. FC Köln Deutschland
79%
12. 115.112 Eintracht Frankfurt Deutschland
74%
19. 76.700 VfB Stuttgart Deutschland
70%
9. 132.432 Boca Juniors Argentinien
69%
15. 94.269 Borussia Mönchengladbach Deutschland
65%
5. 145.665 River Plate Argentinien
64%
13. 106.625 Sporting Lissabon Portugal
64%
20. 75.000 Flamengo Rio de Janeiro Brasilien
36%
8. 135.987 CD Guadalajara Mexiko
12%
17. 85.000 Gremio Porto Alegre Brasilien
5%
18. 82.611 Vasco da Gama Brasilien
4%
10. 126.000 SC International Brasilien
3%
Keine übereinstimmenden Quizze gefunden
Verteilung der Resultate
Anzahl Personen mit jedem Resultat
Perzentil nach korrekt beantworteten Fragen
Ihre Resultats-Entwicklung
Sie haben dieses Quiz noch nicht gespielt